00297nam a2200133Ia 45000030006000000080041000060400015000471000016000622450016000782600032000943000006001265460014001320050017001460STCL150530s9999 xx 000 0 und d aSTCLcSTCL aEzhuthachan aDronapravam bUniveristy of Calicutc2006 a0 aMalayalam20220125170732.0